Survivor: Boots in these episodes - Statistics

General Stats
  • This quiz has been taken 15 times
  • The average score is 23 of 43
Answer Stats
Episode Title Person Voted Off % Correct
If It Smells Like a Rat, Give It Cheese Erik Reichenbach
89%
Rustle Feathers Katie Collins
89%
The Martyr Approach Benjamin "Coach" Wade
78%
Stuck in the Middle Brenda Lowe
78%
Jury's Out John Carroll
78%
You Get What You Give John Hennigan
78%
Assumptions Shii Ann Huang
78%
This is Extortion Sophie Clarke
78%
Fear Keeps You Sharp Chris Noble
67%
The Merger Gretchen Cordy
67%
Going Down in Flames J.T. Thomas, Jr.
67%
Stupid People. Stupid, Stupid People Alicia Calaway
56%
You're a Rat... Candice Woodcock
56%
Telenovela Cody Assenmacher
56%
Ready to Bite the Apple James Clement
56%
Honeymoon or Not? Jerri Manthey
56%
Y'all Making Me Crazy Julia Carter
56%
Caterpillar to a Butterfly Omar Zaheer
56%
Nothing Tastes Better than Five Hundred Dollars Randy Bailey
56%
Swimming with Sharks Rupert Boneham
56%
Head of the Snake Sarah Lacina
56%
I'm Not Here to Make Good Friends Scot Pollard
56%
Baby with a Machine Gun Shan Smith
56%
The Twist Silas Gaither
56%
Never Say Die Troyzan Robertson
56%
You Call, We'll Haul Andrew Savage
44%
Secrets and Lies and an Idol Surprise Bobby Jon Drinkard
44%
Perilous Scramble Courtney Marit
44%
A Line Drawn in Concrete Debbie Wanner
44%
It's a Turtle?! Edgardo Rivera
44%
You're Looking at the New Leader of Your Tribe Francesca Hogi
44%
The Amazon Heats Up Heidi Strobel
44%
Dead Man Walking Jeff Kent
44%
Not Going to Roll Over and Die Lauren Rimmer
44%
Surprise and... Surprise Again! Leann Slaby
44%
I Need Redemption Semhar Tadesse
44%
I'll Show You How Threatening I Am Stephenie LaGrossa
44%
I Was Born at Night, But Not Last Night Jack Nichting
33%
Zipping Over the Cuckoo's Nest Phillip Sheppard
33%
Holding On for Dear Life Tyler Fredrickson
33%
This Is Where We Build Trust Wes Nale
33%
About to Have a Rumble Zeke Smith
33%
The Day of Reckoning Laura Morett
11%
No matching quizzes found
Score Distribution
Percent of People with Each Score
Percentile by Number Answered
Your Score History
You have not taken this quiz